Statistiques concernant Mylène Farmer en chansons # 5

Cliquez ici pour prendre le quiz!

Statistiques générales

  • Ce quiz a été pris 465 fois
  • Le résultat moyen est 16 sur 28

Statistiques - réponses

ChansonParoles% Correct
Sans contrefaçonDis maman, pourquoi je suis pas un garçon? Puisqu'il faut choisir, à mots doux je peux le dire
93%
LibertineCendre de lune, petite bulle d'écume Poussée par le vent, je brûle et je m'enrhume
89%
DésenchantéeTout est chaos À côté Tous mes idéaux: des mots Abimés.
88%
Pourvu qu'elles soient doucesHey Eh mec Ton regard oblique En rien n'est lubrique Ta maman t'a trop fessé
80%
Maman a tortDeux c'est beau l'amour Trois l'infirmière pleure Quatre je l'aime Cinq il est d'mon droit
74%
C'est une belle journéeAllongé le corps est mort Pour des milliers C'est un homme qui dort...
66%
CaliforniaAéroport, aérogare Mais pour tout l'or m'en aller C'est le blues, le coup de cafard Le check out assuré
64%
TristanaTriste, elle est prête à tout Pour rien, pour tout Dans la ronde des fous Elle pleure tout doux
64%
XXLQu'on soit de filles de Cocktails, belles Qu'on soit de filles des Fleurs de poubelles Toutes les mêmes
63%
L'instant XPapa Noël quand tu descendras du ciel, du fun, du zoprack et des ailes L'an 2000 sera spirituel c'est écrit dans elle
62%
Oui mais nonNe dis plus jamais non! L'amour le loup Est risque Dis-moi oui
57%
Ainsi soit je ...Bulle de chagrin Boule d'incertitude Tant de matins Que rien ne dissimule
56%
Les motsFixement, le ciel se tord Quand la bouche engendre un mot Là, je donnerais ma vie pour t'entendre Te dire les mots les plus tendres
54%
Je t'aime mélancolieJ'ai comme une envie de voir ma vie au lit Comme une idée fixe chaque fois que l'on me dit La plaie c'est ça: c'est qu'elle pousse trop vite La mauvaise herbe nuit
52%
Sans logiqueDe ce paradoxe, je ne suis complice Souffrez qu'une autre En moi se glisse
52%
RêverD'avoir mis son âme dans tes mains Tu l'as froissé comme un chagrin Et d'avoir condamné vos différences Nous ne marcherons plus ensemble
51%
L'Âme-Stram-GramEn moi, en moi, toi que j'aime Dis-moi, dis-moi quand ça ne va pas Il n'y a que ça qui nous gouverne Dis-moi combien de fois?
49%
Comme j'ai malJe bascule à l'horizontal Démissionne ma vie verticale Ma pensée se fige animale Abandon du moi Plus d'émoi
48%
Fuck them allFaites l'amour, nous la guerre, nos vices à l'envers Blood and soul! Faites le mou dans le texte le sang c'est le sexe!
48%
RegretsN'aie pas de ...... Fais la promesse, tu sais que L'hiver et l'automne N'ont pu s'aimer
48%
InnamoramentoToi qui n'as pas su me reconnaître Ignorant ma vie, ce monastère, j'ai Devant moi une porte entrouverte Sur un peut-être
45%
Je te rends ton amourM'extraire du cadre Ma vie suspendue Je rêvais mieux Je voyais l'âtre Tous ces inconnus Toi parmi eux
45%
Plus grandirPetit rien, petit bout De rien du tout M'a mise tout sens dessus dessous A pris ses jambes à son cou
42%
Que mon coeur lâcheMes rêves d'amours excentriques N'ont plus leurs strass Mon stress d'amour est si triste
40%
Beyond my controlJe ne comprends plus pourquoi J'ai du sang sur mes doigts Il faut que je te rassure Je soignerai bien tes blessures mon amour
39%
DégénérationSexy coma Sexy trauma Sexy coma Sexy trauma Coma t'es sexe, t'es styx, test statique Coma t'es sexe, t'es styx, extatique
38%
A quoi je sersPoussière vivante, je cherche en vain ma voie lactée Dans ma tourmente, je n'ai trouvé qu'un mausolée Et je divague J'ai peur du vide
34%
Slipping away ( Crier la vie )Open to everything happy and sad Seeing the good, meme si tout va si mal Femmes au soleil quand la nuit nous accable Oh, pour un jour croire aux dieux croire aux fables
31%

Distribution des résultats

Percentile par nombre de réponses

% des personnes avec chaque résultat

Votre développement - résultats

Vous n’avez pas pris ce quiz